000 00734nam a2200253 a 4500
001 adlib96000001
003 ViArRB
005 200902210153555.7
008 960221s1955 dcuabcdjdbkoqu001 0deng d
020 _a
022 _a
040 _aAdlib
082 _a614.71
245 _aLong range transport of airborne pollutants
250 _a
260 _aDordrecht
_bD Reidel
_c1982
300 _a430p.
_c
500 _a
100 _aMartin, H C
_ed. by
700 _a
_a
942 _cBK
653 _aPollution, Air
_aAir pollution
_aEnvironmental health
_aPollution
_apollution spread
_aAir pollution spreading
952 _w2010-06-16
_p00031177
_r2010-06-16
_40
_00
_bUL
_10
_o614.71 MAR
_d2010-06-16
_70
_yBK
_aUL
999 _c17772
_d17771